[Event "NOR-chB"]
[Site "Oslo"]
[Date "2023.07.08"]
[Round "9"]
[White "Fitje, Tor Finn Malum"]
[Black "Yilmaz, Kazim"]
[Result "0-1"]
[WhiteElo "1484"]
[BlackElo "1560"]
[PlyCount "96"]
[EventDate "2023.06.30"]
[EventType "swiss"]
[EventRounds "9"]
[EventCountry "NOR"]
[SourceTitle "EXT 2024"]
[Source "ChessBase"]
[SourceDate "2023.10.10"]
[SourceVersion "1"]
[SourceVersionDate "2023.10.10"]
[SourceQuality "1"]

1. e4 e5 2. Nf3 Nc6 3. c3 d5 4. Qa4 dxe4 5. Nxe5 Qd5 6. Nxc6 bxc6 7. Bc4 Qd6 8. 0-0 Nf6 9. d4 Be7 10. Re1 0-0 11. Nd2 Bf5 12. Nf1 Bd7 13. Qc2 c5 14. dxc5 Qxc5 15. Bb3 Bc6 16. Be3 Qh5 17. Ng3 Qg6 18. Bd4 Rfe8 19. Qe2 Bd6 20. Bc2 Bxg3 21. fxg3 Qh5 22. Qc4 Qd5 23. Qxd5 Bxd5 24. Bxf6 gxf6 25. Kf2 f5 26. Rad1 Be6 27. Ke3 Kg7 28. Rd4 c5 29. Rd6 Bxa2 30. Ra1 Be6 31. Rc6 c4 32. Rc7 a5 33. Rc5 Reb8 34. Ra2 Rb6 35. g4 fxg4 36. Bxe4 Rab8 37. Rcxa5 Rxb2 38. Kf4 R8b3 39. Rxb2 Rxb2 40. Ra3 Rb3 41. Rxb3 cxb3 42. Ke3 h6 43. g3 Kf6 44. Bd3 Ke5 45. Bb1 f5 46. Bd3 Bd5 47. Bb1 Be4 48. Bxe4 fxe4 0-1

[Event "NOR-chB"]
[Site "Oslo"]
[Date "2023.07.04"]
[Round "5"]
[White "Jorgensen, Orjan"]
[Black "Yilmaz, Kazim"]
[Result "0-1"]
[WhiteElo "1569"]
[BlackElo "1560"]
[PlyCount "94"]
[EventDate "2023.06.30"]
[EventType "swiss"]
[EventRounds "9"]
[EventCountry "NOR"]
[SourceTitle "EXT 2024"]
[Source "ChessBase"]
[SourceDate "2023.10.10"]
[SourceVersion "1"]
[SourceVersionDate "2023.10.10"]
[SourceQuality "1"]

1. e4 e5 2. d4 exd4 3. f4 Nc6 4. Nf3 d5 5. e5 Bb4+ 6. Bd2 Qe7 7. a3 Bxd2+ 8. Nbxd2 Nh6 9. Bd3 Ng4 10. Nf1 f6 11. h3 fxe5 12. fxe5 Ngxe5 13. Qe2 Nxd3+ 14. cxd3 Qxe2+ 15. Kxe2 0-0 16. Kd2 Bf5 17. Rc1 a5 18. N1h2 Rfe8 19. Rc5 Re3 20. Rxd5 Rxd3+ 21. Kc1 Be4 22. Rd7 Bxf3 23. Nxf3 Rc8 24. Kc2 Re3 25. Nxd4 Nxd4+ 26. Rxd4 Re2+ 27. Rd2 Rxd2+ 28. Kxd2 Rd8+ 29. Kc3 b5 30. b4 c5 31. bxc5 Rd5 32. c6 Rc5+ 33. Kd4 Rxc6 34. Rb1 Rc4+ 35. Kd5 Ra4 36. Rxb5 Rxa3 37. Ke6 h6 38. Kf5 Kh7 39. h4 Ra1 40. g4 a4 41. g5 hxg5 42. hxg5 a3 43. Rb3 Rf1+ 44. Kg4 a2 45. Kh5 a1Q 46. g6+ Kg8 47. Rb8+ Rf8 0-1

[Event "Fagernes op-B"]
[Site "Fagernes"]
[Date "2023.04.09"]
[Round "9"]
[White "Yilmaz, Kazim"]
[Black "Selvik, Elma"]
[Result "1/2-1/2"]
[WhiteElo "1516"]
[BlackElo "1614"]
[PlyCount "106"]
[EventDate "2023.04.02"]
[EventType "swiss"]
[EventRounds "9"]
[EventCountry "NOR"]
[SourceTitle "CBM 213 Extra"]
[Source "ChessBase"]
[SourceDate "2023.05.31"]
[SourceVersion "1"]
[SourceVersionDate "2023.05.31"]
[SourceQuality "1"]

1. Nf3 d5 2. Nc3 Nf6 3. d4 Bf5 4. Bg5 Nbd7 5. Bxf6 Nxf6 6. e3 c6 7. Bd3 e6 8. Bxf5 exf5 9. 0-0 Ne4 10. Nxe4 fxe4 11. Ne5 Bd6 12. f3 Bxe5 13. dxe5 exf3 14. Rxf3 0-0 15. Qd4 Qc7 16. Rg3 g6 17. Rf1 Rae8 18. Qxa7 Rxe5 19. Qd4 f5 20. Qf4 Qg7 21. c3 Rfe8 22. Qg5 f4 23. Qxf4 Qe7 24. Rgf3 Rxe3 25. Rxe3 Qxe3+ 26. Qxe3 Rxe3 27. Kf2 Re4 28. Ra1 Kf7 29. a4 c5 30. a5 d4 31. cxd4 Rxd4 32. Rc1 Rb4 33. Rxc5 Rxb2+ 34. Kf3 Kf6 35. h4 Rb3+ 36. Kf2 Rb4 37. g3 Ke6 38. h5 Kf6 39. hxg6 hxg6 40. a6 bxa6 41. Rc6+ Kf5 42. Rxa6 g5 43. Ra2 Kg4 44. Kg2 Re4 45. Rb2 Re3 46. Rb4+ Kf5 47. Rb5+ Re5 48. Rxe5+ Kxe5 49. Kf3 Kf5 50. g4+ Ke5 51. Ke3 Kd5 52. Kd3 Ke5 53. Ke3 Kd5 1/2-1/2

[Event "Fagernes op-B"]
[Site "Fagernes"]
[Date "2023.04.05"]
[Round "4"]
[White "Yilmaz, Kazim"]
[Black "Nome, Henrik"]
[Result "1/2-1/2"]
[WhiteElo "1516"]
[BlackElo "1092"]
[PlyCount "70"]
[EventDate "2023.04.02"]
[EventType "swiss"]
[EventRounds "9"]
[EventCountry "NOR"]
[SourceTitle "CBM 213 Extra"]
[Source "ChessBase"]
[SourceDate "2023.05.31"]
[SourceVersion "1"]
[SourceVersionDate "2023.05.31"]
[SourceQuality "1"]

1. Nf3 c5 2. Nc3 d6 3. e4 Nc6 4. Bb5 Bd7 5. d4 cxd4 6. Nxd4 g6 7. Nxc6 Bxc6 8. Bxc6+ bxc6 9. Qd4 Nf6 10. e5 dxe5 11. Qxe5 Bg7 12. Qc5 Qd7 13. 0-0 0-0 14. Rd1 Qe6 15. Bg5 Rfe8 16. Re1 Qd7 17. Rad1 Qc7 18. Bxf6 exf6 19. Nd5 Qb7 20. Qb4 Qxb4 21. Nxb4 Reb8 22. Nd3 Re8 23. Rxe8+ Rxe8 24. Re1 Rxe1+ 25. Nxe1 Kf8 26. Nd3 Ke7 27. Kf1 Kd6 28. Ke2 f5 29. c4 c5 30. b3 g5 31. g3 h6 32. f4 g4 33. Kf1 Bd4 34. Kg2 h5 35. h4 f6 1/2-1/2

[Event "Fagernes op-B"]
[Site "Fagernes"]
[Date "2023.04.03"]
[Round "2"]
[White "Yilmaz, Kazim"]
[Black "Ruud, Mikael"]
[Result "1/2-1/2"]
[WhiteElo "1516"]
[BlackElo "1266"]
[PlyCount "81"]
[EventDate "2023.04.02"]
[EventType "swiss"]
[EventRounds "9"]
[EventCountry "NOR"]
[SourceTitle "CBM 213 Extra"]
[Source "ChessBase"]
[SourceDate "2023.05.31"]
[SourceVersion "1"]
[SourceVersionDate "2023.05.31"]
[SourceQuality "1"]

1. Nf3 d5 2. Nc3 Nf6 3. d4 Bg4 4. Bg5 e6 5. Bxf6 Qxf6 6. e3 Bxf3 7. Qxf3 Qxf3 8. gxf3 Bb4 9. Bb5+ c6 10. Bd3 Bxc3+ 11. bxc3 Nd7 12. c4 Nf6 13. cxd5 cxd5 14. Bb5+ Ke7 15. Bd3 g6 16. Kd2 Rhd8 17. Rab1 Rab8 18. f4 b6 19. f3 Rbc8 20. Rhc1 Rc7 21. c4 Rdc8 22. cxd5 Nxd5 23. Rxc7+ Rxc7 24. Rb2 Kd6 25. Be4 f5 26. Bxd5 exd5 27. Rc2 Rxc2+ 28. Kxc2 a6 29. Kd3 b5 30. Kc3 a5 31. Kb3 Kc6 32. a3 Kb6 33. h3 h6 34. Kb2 b4 35. a4 Kc6 36. h4 h5 37. Kb3 Kb6 38. Kb2 Kc6 39. Kb3 Kd6 40. Kb2 Kc6 41. Kb3 1/2-1/2

[Event "NOR-chT Clubs"]
[Site "Drammen"]
[Date "2022.05.26"]
[Round "1"]
[White "Prestholm, Trym"]
[Black "Yilmaz, Kazim"]
[Result "0-1"]
[WhiteElo "1208"]
[BlackElo "1513"]
[PlyCount "74"]
[EventDate "2022.05.26"]
[EventType "team-swiss"]
[EventRounds "6"]
[EventCountry "NOR"]
[SourceTitle "EXT 2024"]
[Source "ChessBase"]
[SourceDate "2023.10.10"]
[SourceVersion "1"]
[SourceVersionDate "2023.10.10"]
[SourceQuality "1"]
[WhiteTeam "Sorte Bonder"]
[BlackTeam "Modum"]
[WhiteTeamCountry "NOR"]
[BlackTeamCountry "NOR"]

1. d4 Nf6 2. c4 Nc6 3. Nc3 e5 4. dxe5 Nxe5 5. e3 Bb4 6. Be2 Bxc3+ 7. bxc3 0-0 8. Nf3 Nxf3+ 9. Bxf3 c6 10. 0-0 d5 11. cxd5 Nxd5 12. Bb2 Nf6 13. Qe2 Be6 14. Rfd1 Qc7 15. c4 Rad8 16. Bxf6 gxf6 17. Qc2 Rxd1+ 18. Rxd1 Rd8 19. Rc1 Qd7 20. Kf1 Bg4 21. Rd1 Qxd1+ 22. Bxd1 Rxd1+ 23. Qxd1 Bxd1 24. Ke1 Ba4 25. Kd2 b5 26. Kc3 bxc4 27. Kxc4 Bb5+ 28. Kc5 a5 29. f4 a4 30. a3 Kg7 31. g4 Kg6 32. h4 h5 33. gxh5+ Kxh5 34. Kd4 Kxh4 35. e4 Kg4 36. Ke3 c5 37. f5 c4 0-1

[Event "Konnerud NGP"]
[Site "Konnerud"]
[Date "2019.11.23"]
[Round "1"]
[White "Engedal, Jo Fronsdal"]
[Black "Yilmaz, Kazim"]
[Result "1-0"]
[WhiteElo "1480"]
[BlackElo "1646"]
[PlyCount "199"]
[EventDate "2019.11.23"]
[EventType "swiss"]
[EventRounds "5"]
[EventCountry "NOR"]
[SourceTitle "EXT 2024"]
[Source "ChessBase"]
[SourceDate "2023.10.10"]
[SourceVersion "1"]
[SourceVersionDate "2023.10.10"]
[SourceQuality "1"]

1. d4 d5 2. Bf4 Nf6 3. Nf3 Bf5 4. e3 e6 5. Bd3 Bxd3 6. Qxd3 c6 7. Nbd2 Bd6 8. Ne5 0-0 9. 0-0 Bxe5 10. Bxe5 Nbd7 11. Bf4 Re8 12. h3 e5 13. dxe5 Nxe5 14. Bxe5 Rxe5 15. Nf3 Re8 16. Rfd1 Qb6 17. Qb3 Qxb3 18. axb3 a6 19. b4 Ne4 20. Nd4 Nd6 21. b3 Nb5 22. Nxb5 axb5 23. Kf1 Rxa1 24. Rxa1 Kf8 25. Ra7 Rb8 26. Ke2 Ke7 27. Kd3 Kd6 28. Kd4 Kc7 29. Kd3 Re8 30. c3 f5 31. Ra1 g5 32. f3 h5 33. g3 Kd6 34. Ra7 Kc7 35. Ra1 Rg8 36. Rf1 Kd6 37. Kd4 b6 38. Ra1 c5+ 39. bxc5+ bxc5+ 40. Kd3 g4 41. hxg4 hxg4 42. f4 Rh8 43. Ra6+ Kc7 44. Rf6 Rh5 45. b4 cxb4 46. cxb4 Rh3 47. Rxf5 Rxg3 48. Rxd5 Kb6 49. Rd6+ Kc7 50. Rg6 Rg1 51. Kd4 g3 52. Kc5 g2 53. Kxb5 Kd7 54. Kb6 Rb1 55. Rxg2 Rxb4+ 56. Kc5 Re4 57. Rg3 Ke6 58. Rh3 Ra4 59. Rh6+ Kf5 60. Rh8 Re4 61. Rh5+ Kg4 62. Re5 Ra4 63. Kb5 Ra8 64. Kc5 Ra4 65. Kd5 Ra5+ 66. Kd4 Ra4+ 67. Kd5 Ra5+ 68. Ke6 Ra6+ 69. Kf7 Ra7+ 70. Kf6 Ra6+ 71. Re6 Ra5 72. Ke7 Kf5 73. Rh6 Ra3 74. Rf6+ Kg4 75. e4 Ra7+ 76. Kd8 Ra8+ 77. Kc7 Ra7+ 78. Kb8 Ra4 79. e5 Rd4 80. e6 Rd6 81. f5 Kg5 82. Rf7 Rd5 83. e7 Re5 84. f6 Kg6 85. Rf8 Re1 86. e8Q+ Rxe8+ 87. Rxe8 Kxf6 88. Kc7 Kf7 89. Re1 Kf6 90. Kd6 Kf5 91. Re8 Kf4 92. Kd5 Kf3 93. Kd4 Kf2 94. Kd3 Kf1 95. Re2 Kg1 96. Ra2 Kf1 97. Ke3 Kg1 98. Kf3 Kh1 99. Kg3 Kg1 100. Ra1# 1-0

[Event "Helsingor Xtracon op"]
[Site "Helsingor"]
[Date "2019.07.27"]
[Round "9"]
[White "Yilmaz, Kazim"]
[Black "Koch Mueller, Oscar"]
[Result "1/2-1/2"]
[WhiteElo "1647"]
[BlackElo "1866"]
[PlyCount "118"]
[EventDate "2019.07.20"]
[EventType "swiss"]
[EventRounds "10"]
[EventCountry "DEN"]
[SourceTitle "CBM 191 Extra"]
[Source "ChessBase"]
[SourceDate "2019.09.30"]
[SourceVersion "1"]
[SourceVersionDate "2019.09.30"]
[SourceQuality "1"]

1. e4 e6 2. d4 d5 3. exd5 exd5 4. Nf3 Bd6 5. Bd3 Nc6 6. 0-0 Nge7 7. c3 Bg4 8. Bg5 f6 9. Bh4 Qd7 10. Nbd2 0-0-0 11. b4 g5 12. Bg3 Ng6 13. Bxd6 Qxd6 14. a4 Nf4 15. Qc2 Ne7 16. Rfe1 h5 17. b5 h4 18. c4 Nxd3 19. Qxd3 Bf5 20. Qa3 Qxa3 21. Rxa3 Ng6 22. h3 g4 23. hxg4 Bxg4 24. c5 Rdg8 25. Kh2 Nf4 26. Rb1 Re8 27. Re3 Rxe3 28. fxe3 Ne2 29. Re1 Nc3 30. Ra1 Re8 31. Nf1 h3 32. N3d2 hxg2 33. Kxg2 a6 34. bxa6 bxa6 35. Ra3 Nd1 36. Kg3 Bd7 37. Kf3 Rg8 38. Ke2 Nb2 39. a5 Bb5+ 40. Kf2 Nd3+ 41. Kf3 Kd7 42. Ng3 Ke6 43. Ndf1 Nb2 44. Ra2 Bxf1 45. Rxb2 Bd3 46. Rd2 Bc4 47. Rb2 Rh8 48. Kg2 Bd3 49. Rb3 Bc4 50. Rb2 Bd3 51. Rb3 Bb5 52. Rb2 f5 53. Kf3 Kf6 54. Kg2 Kg5 55. Kf3 c6 56. Rg2 Kf6 57. Rb2 Bd3 58. Kg2 Bb5 59. Kf3 Bd3 1/2-1/2

[Event "Helsingor Xtracon op"]
[Site "Helsingor"]
[Date "2019.07.24"]
[Round "6"]
[White "Haraldsson, Leif"]
[Black "Yilmaz, Kazim"]
[Result "1-0"]
[WhiteElo "1857"]
[BlackElo "1647"]
[PlyCount "91"]
[EventDate "2019.07.20"]
[EventType "swiss"]
[EventRounds "10"]
[EventCountry "DEN"]
[SourceTitle "CBM 191 Extra"]
[Source "ChessBase"]
[SourceDate "2019.09.30"]
[SourceVersion "1"]
[SourceVersionDate "2019.09.30"]
[SourceQuality "1"]

1. f4 d5 2. Nf3 c5 3. g3 Nf6 4. Bg2 g6 5. d3 Nc6 6. c3 Bg7 7. 0-0 0-0 8. Qc2 Re8 9. e4 dxe4 10. dxe4 e5 11. f5 Qe7 12. Nh4 gxf5 13. Nxf5 Bxf5 14. Rxf5 Qe6 15. Na3 Ne7 16. Rf1 Ng6 17. Bg5 h6 18. Be3 b6 19. h3 a6 20. Rf2 Re7 21. Kh2 Rd8 22. Qe2 Ra8 23. Raf1 Qxa2 24. Rxf6 Bxf6 25. Rxf6 Re6 26. Rf2 Rc6 27. Bxh6 Qe6 28. Bg5 Nf8 29. h4 Nh7 30. Bh3 Qg6 31. Bf5 Qg7 32. Be3 b5 33. Nc2 Rd8 34. Ne1 c4 35. Nf3 f6 36. h5 Ng5 37. Nxg5 fxg5 38. Qg4 Rd3 39. Bxg5 Kh8 40. Be6 Rxe6 41. Qxe6 Qxg5 42. Rf8+ Kh7 43. Rf7+ Kh8 44. Qe8+ Qg8 45. Qxe5+ Qg7 46. Qxg7# 1-0

[Event "Helsingor Xtracon op"]
[Site "Helsingor"]
[Date "2019.07.21"]
[Round "2"]
[White "Rasmussen, Morten Fredsgaard"]
[Black "Yilmaz, Kazim"]
[Result "0-1"]
[WhiteElo "1882"]
[BlackElo "1647"]
[PlyCount "70"]
[EventDate "2019.07.20"]
[EventType "swiss"]
[EventRounds "10"]
[EventCountry "DEN"]
[SourceTitle "CBM 191 Extra"]
[Source "ChessBase"]
[SourceDate "2019.09.30"]
[SourceVersion "1"]
[SourceVersionDate "2019.09.30"]
[SourceQuality "1"]

1. d4 d5 2. Bf4 Nf6 3. e3 g6 4. Nc3 c6 5. Be2 Bg7 6. h4 h5 7. Nf3 Bg4 8. Ne5 Bxe2 9. Nxe2 Nbd7 10. Nf3 Ne4 11. c3 0-0 12. Qc2 Re8 13. Ne5 Nxe5 14. Bxe5 Nd6 15. 0-0-0 Bxe5 16. dxe5 Nc4 17. e6 f5 18. Rh3 Rf8 19. Rg3 Kh7 20. Nf4 Ne5 21. Rg5 Rf6 22. Rd4 Qe8 23. Nxg6 Nxg6 24. Rxh5+ Kg7 25. Rxf5 Rxf5 26. Qxf5 Qf8 27. Qg5 Qf6 28. Qg3 Qe5 29. Qg4 Rh8 30. g3 Kf6 31. Kd2 Qf5 32. Qxf5+ Kxf5 33. g4+ Kxe6 34. h5 Ne5 35. e4 Nf3+ 0-1

[Event "Konnerud NGP B"]
[Site "Konnerud"]
[Date "2018.12.02"]
[Round "5"]
[White "Yilmaz, Kazim"]
[Black "Aure, Anders Nilsson"]
[Result "1/2-1/2"]
[WhiteElo "1638"]
[BlackElo "1750"]
[PlyCount "52"]
[EventDate "2018.12.01"]
[EventType "swiss"]
[EventRounds "5"]
[EventCountry "NOR"]
[SourceTitle "EXT 2024"]
[Source "ChessBase"]
[SourceDate "2023.10.10"]
[SourceVersion "1"]
[SourceVersionDate "2023.10.10"]
[SourceQuality "1"]

1. Nf3 Nf6 2. d4 g6 3. c4 Bg7 4. Nc3 d5 5. Bf4 0-0 6. e3 c5 7. Be2 Nc6 8. 0-0 dxc4 9. dxc5 Qa5 10. Bxc4 Qxc5 11. Qe2 e5 12. Bg3 Bg4 13. e4 Nd4 14. Qd3 Rad8 15. Nd5 Bxf3 16. gxf3 b5 17. Nxf6+ Bxf6 18. Bd5 h5 19. h3 h4 20. Bh2 Bg7 21. f4 Qd6 22. fxe5 Bxe5 23. Bxe5 Qxe5 24. f4 Qg7 25. Rad1 Ne6 26. Qc3 Qxc3 1/2-1/2

[Event "Helsingor Xtracon op"]
[Site "Helsingor"]
[Date "2018.07.28"]
[Round "9"]
[White "Yilmaz, Kazim"]
[Black "Kharraziha, Hamid"]
[Result "1-0"]
[WhiteElo "1669"]
[BlackElo "1502"]
[PlyCount "57"]
[EventDate "2018.07.21"]
[EventType "swiss"]
[EventRounds "10"]
[EventCountry "DEN"]
[SourceTitle "CBM 185 Extra"]
[Source "ChessBase"]
[SourceDate "2018.07.29"]
[SourceVersion "1"]
[SourceVersionDate "2018.07.29"]
[SourceQuality "1"]

1. c4 e5 2. Nc3 Nf6 3. Nf3 d6 4. g3 Bf5 5. Bg2 c6 6. 0-0 Nbd7 7. d4 e4 8. Nh4 Be6 9. d5 cxd5 10. cxd5 Bg4 11. Nxe4 Qb6 12. Nxf6+ Nxf6 13. h3 Bd7 14. Qb3 Be7 15. Qxb6 axb6 16. Be3 b5 17. a3 0-0 18. Rfc1 Rfc8 19. Rxc8+ Rxc8 20. Rc1 Bd8 21. Rxc8 Bxc8 22. f4 h6 23. Kf2 b6 24. Bf3 Bxh3 25. Bd4 Bc8 26. e4 Bg4 27. Bxf6 Bxf6 28. Bxg4 Bxb2 29. Be2 1-0

[Event "Helsingor Xtracon op"]
[Site "Helsingor"]
[Date "2018.07.22"]
[Round "2"]
[White "Skjoldager, Flemming"]
[Black "Yilmaz, Kazim"]
[Result "0-1"]
[WhiteElo "1902"]
[BlackElo "1669"]
[PlyCount "134"]
[EventDate "2018.07.21"]
[EventType "swiss"]
[EventRounds "10"]
[EventCountry "DEN"]
[SourceTitle "CBM 185 Extra"]
[Source "ChessBase"]
[SourceDate "2018.07.29"]
[SourceVersion "1"]
[SourceVersionDate "2018.07.29"]
[SourceQuality "1"]

1. b3 d5 2. Bb2 Nf6 3. e3 c5 4. Nf3 Nc6 5. Bb5 Bd7 6. 0-0 e6 7. c4 dxc4 8. Bxc4 Bd6 9. Nc3 0-0 10. d4 cxd4 11. Nxd4 Nxd4 12. Qxd4 Bc6 13. Rad1 Be7 14. Qe5 Qb8 15. Nb5 Qxe5 16. Bxe5 Bxb5 17. Bxb5 a6 18. Be2 Rad8 19. Bf3 Nd5 20. g3 Bf6 21. Bxf6 gxf6 22. Rd4 Rd7 23. Rc1 Rfd8 24. Rc5 Ne7 25. Rxd7 Rxd7 26. Kf1 f5 27. Ke2 b6 28. Rc4 Nd5 29. Rc6 Nb4 30. Rxb6 Nxa2 31. Rc6 Nb4 32. Rc4 a5 33. Rc8+ Kg7 34. Rc5 Rd3 35. Rxa5 Rxb3 36. Rb5 Rb2+ 37. Kf1 Nd3 38. Rxb2 Nxb2 39. Be2 Na4 40. Bd1 Nc3 41. Bc2 Nd5 42. Ke2 h6 43. h3 Nb4 44. Bb3 Nc6 45. f4 Ne7 46. Kd3 Ng8 47. Bd1 Nf6 48. Bf3 Kf8 49. Kd4 Ke7 50. g4 fxg4 51. hxg4 Ne8 52. e4 f6 53. Be2 Ng7 54. Bd1 Kd6 55. e5+ fxe5+ 56. fxe5+ Ke7 57. Kc5 Ne8 58. Kc6 Ng7 59. Be2 Ne8 60. Bd3 Nf6 61. Be2 Nd7 62. Bd1 Nxe5+ 63. Kc5 Nd3+ 64. Kd4 Nf2 65. Be2 Kf6 66. Ke3 Nh3 67. Kf3 Ng1+ 0-1

[Event "Helsingor Xtracon op"]
[Site "Helsingor"]
[Date "2018.07.21"]
[Round "1"]
[White "Yilmaz, Kazim"]
[Black "Niese, Holger"]
[Result "0-1"]
[WhiteElo "1669"]
[BlackElo "2140"]
[PlyCount "138"]
[EventDate "2018.07.21"]
[EventType "swiss"]
[EventRounds "10"]
[EventCountry "DEN"]
[SourceTitle "CBM 185 Extra"]
[Source "ChessBase"]
[SourceDate "2018.07.29"]
[SourceVersion "1"]
[SourceVersionDate "2018.07.29"]
[SourceQuality "1"]

1. Nf3 d5 2. d4 Nf6 3. c4 c6 4. cxd5 cxd5 5. Nc3 Nc6 6. Bf4 a6 7. e3 Bf5 8. Bd3 Bxd3 9. Qxd3 e6 10. 0-0 Bd6 11. Bxd6 Qxd6 12. a3 0-0 13. e4 dxe4 14. Nxe4 Nxe4 15. Qxe4 Rfd8 16. Rfd1 Qd5 17. Qxd5 Rxd5 18. Rd2 Rad8 19. Rad1 f6 20. Kf1 h5 21. h4 g5 22. hxg5 fxg5 23. Re1 Kf7 24. Rde2 R8d6 25. Ne5+ Nxe5 26. dxe5 Rc6 27. g3 Kg6 28. f4 Rc4 29. fxg5 Kxg5 30. Kf2 h4 31. gxh4+ Rxh4 32. Kg3 Rg4+ 33. Kf3 Rf4+ 34. Kg3 Kf5 35. Rh1 Rd3+ 36. Kg2 Rg4+ 37. Kf2 Rdg3 38. Rh5+ Rg5 39. Rh2 R3g4 40. Ke1 Re4 41. Rhf2+ Kxe5 42. Rxe4+ Kxe4 43. Rf7 Ke3 44. Kd1 Rd5+ 45. Kc2 b5 46. Re7 e5 47. Re6 a5 48. b3 e4 49. Rh6 Kf2 50. Rh2+ Kg3 51. Rh8 e3 52. Re8 Kf2 53. Rf8+ Ke1 54. Re8 e2 55. Rf8 Rc5+ 56. Kb2 Kd2 57. Rd8+ Ke3 58. Re8+ Kf3 59. Re7 a4 60. Re8 axb3 61. Kxb3 Rc4 62. Rf8+ Ke3 63. Re8+ Re4 64. Rxe4+ Kxe4 65. Kb4 e1Q+ 66. Kxb5 Kd5 67. a4 Qb1+ 68. Ka6 Kc6 69. a5 Qb7# 0-1

[Event "Buskerud-ch op"]
[Site "Konnerud"]
[Date "2018.06.18"]
[Round "5"]
[White "Yilmaz, Kazim"]
[Black "Leonhardsen, Vebjorn Maanum"]
[Result "1/2-1/2"]
[WhiteElo "1656"]
[BlackElo "1700"]
[PlyCount "81"]
[EventDate "2018.06.16"]
[EventType "swiss"]
[EventRounds "5"]
[EventCountry "NOR"]
[SourceTitle "EXT 2024"]
[Source "ChessBase"]
[SourceDate "2023.10.10"]
[SourceVersion "1"]
[SourceVersionDate "2023.10.10"]
[SourceQuality "1"]

1. e4 c6 2. d4 d5 3. exd5 cxd5 4. Nf3 Nf6 5. Bd3 Bg4 6. c3 e6 7. 0-0 Be7 8. Bf4 0-0 9. Nbd2 Bd6 10. Bxd6 Qxd6 11. Qe2 Nc6 12. h3 Bh5 13. g4 Bg6 14. Bxg6 hxg6 15. Ne5 Rac8 16. Nxc6 Qxc6 17. Nf3 Ne4 18. Nd2 Nxd2 19. Qxd2 Qd6 20. f4 Rfe8 21. Qh2 b5 22. a3 a5 23. Qd2 Rb8 24. Rac1 Rec8 25. Rc2 b4 26. axb4 axb4 27. g5 bxc3 28. bxc3 Rc4 29. Rfc1 Ra4 30. h4 Rba8 31. Qe3 Ra1 32. Rxa1 Rxa1+ 33. Rc1 Qa3 34. Rxa1 Qxa1+ 35. Kg2 Qb2+ 36. Kg3 Qb3 37. Qd3 Qa4 38. Kg2 Qa2+ 39. Kg3 Qa4 40. Kg2 Qa2+ 41. Kg3 1/2-1/2

[Event "Buskerud-ch op"]
[Site "Konnerud"]
[Date "2018.06.17"]
[Round "4"]
[White "Skogli, Paal"]
[Black "Yilmaz, Kazim"]
[Result "1/2-1/2"]
[WhiteElo "1793"]
[BlackElo "1656"]
[PlyCount "78"]
[EventDate "2018.06.16"]
[EventType "swiss"]
[EventRounds "5"]
[EventCountry "NOR"]
[SourceTitle "EXT 2024"]
[Source "ChessBase"]
[SourceDate "2023.10.10"]
[SourceVersion "1"]
[SourceVersionDate "2023.10.10"]
[SourceQuality "1"]

1. e4 e5 2. d4 exd4 3. Nf3 Nc6 4. Bc4 Bc5 5. 0-0 Nge7 6. c3 dxc3 7. Nxc3 0-0 8. Bg5 d6 9. Qd2 Be6 10. Nd5 Bxd5 11. Bxd5 h6 12. Bxh6 Nxd5 13. exd5 Ne5 14. Nxe5 dxe5 15. Be3 Bxe3 16. fxe3 c6 17. e4 cxd5 18. exd5 Qb6+ 19. Kh1 Rad8 20. Rad1 Rd6 21. Qc3 f6 22. Rd2 Rfd8 23. Rfd1 Qb5 24. b3 Rxd5 25. Rxd5 Rxd5 26. Qc8+ Kh7 27. Qh3+ Kg6 28. Qg4+ Kf7 29. Rc1 Qd7 30. Qc4 Kf8 31. h3 Rd1+ 32. Rxd1 Qxd1+ 33. Kh2 Qd7 34. Qc5+ Kg8 35. Qxa7 Qc7 36. Kg1 Qc1+ 37. Kf2 Qd2+ 38. Kf1 Qd1+ 39. Kf2 Qd2+ 1/2-1/2

[Event "Gibraltar Masters 16th"]
[Site "Caleta"]
[Date "2018.02.01"]
[Round "10"]
[White "Yilmaz, Kazim"]
[Black "Dev, Shah"]
[Result "1/2-1/2"]
[WhiteElo "1656"]
[BlackElo "1977"]
[PlyCount "81"]
[EventDate "2018.01.23"]
[EventType "swiss"]
[EventRounds "10"]
[EventCountry "GGB"]
[SourceTitle "CBM 183"]
[Source "ChessBase"]
[SourceDate "2018.03.14"]
[SourceVersion "1"]
[SourceVersionDate "2018.03.14"]
[SourceQuality "1"]

1. e4 e5 2. Nf3 Nc6 3. Bc4 Nf6 4. Ng5 d5 5. exd5 Na5 6. Bb5+ c6 7. dxc6 bxc6 8. Ba4 h6 9. Nh3 Bg4 10. f3 Bxh3 11. gxh3 Qd4 12. Nc3 Qh4+ 13. Ke2 Bc5 14. Qf1 0-0 15. d3 Bd4 16. Bb3 Nxb3 17. axb3 Rae8 18. Be3 Nh5 19. Re1 Nf4+ 20. Bxf4 exf4+ 21. Kd1 Rxe1+ 22. Qxe1 Qxh3 23. Qf1 Qf5 24. Qe2 Qa5 25. Na4 Bxb2 26. Qd2 Qxd2+ 27. Kxd2 Bd4 28. Re1 Be3+ 29. Kd1 g5 30. Nb2 f5 31. Nc4 Re8 32. Nd6 Re5 33. Nc4 Re6 34. Nxe3 Rxe3 35. Rf1 Kf7 36. Kd2 Kf6 37. Rf2 c5 38. Rf1 h5 39. h3 h4 40. Rf2 g4 41. fxg4 1/2-1/2

[Event "Gibraltar Amateur op-B"]
[Site "Caleta"]
[Date "2018.01.31"]
[Round "5"]
[White "Yilmaz, Kazim"]
[Black "Izzard, Brian J"]
[Result "0-1"]
[WhiteElo "1656"]
[BlackElo "1657"]
[PlyCount "108"]
[EventDate "2018.01.27"]
[EventType "swiss"]
[EventRounds "5"]
[EventCountry "GGB"]
[SourceTitle "EXT 2019"]
[Source "ChessBase"]
[SourceDate "2018.10.10"]
[SourceVersion "1"]
[SourceVersionDate "2018.10.10"]
[SourceQuality "1"]

1. e4 c6 2. Nf3 d5 3. exd5 cxd5 4. d4 Nc6 5. Bb5 Nf6 6. 0-0 a6 7. Bxc6+ bxc6 8. c3 Qc7 9. Ne5 e6 10. Qa4 Bb7 11. Bf4 Bd6 12. Bg3 0-0 13. Nd2 Rac8 14. b4 Ra8 15. Qc2 a5 16. Nb3 axb4 17. cxb4 Ne4 18. Nc5 Nxg3 19. hxg3 Rfe8 20. Rfe1 Bxe5 21. dxe5 Ba6 22. Qc3 Bc4 23. a4 Ra7 24. a5 Bb5 25. f4 Rd8 26. Qd4 Qe7 27. Na4 Rf8 28. Qc5 Qc7 29. Nc3 Bc4 30. Ra3 f6 31. exf6 Rxf6 32. Rea1 g5 33. fxg5 Rf5 34. Qe3 Qf7 35. Ne2 e5 36. g4 d4 37. Qg3 Rxg5 38. Rf3 Qg7 39. Raf1 Ra8 40. R1f2 Rxg4 41. Qh2 e4 42. Rf6 e3 43. R2f4 Bxe2 44. Rxg4 Qxg4 45. Rxc6 Rf8 46. Qh3 Qxh3 47. gxh3 d3 48. Rd6 d2 49. Kg2 d1Q 50. Rxd1 Bxd1 51. a6 e2 52. a7 e1Q 53. a8Q Rxa8 54. b5 Ra2# 0-1

[Event "Gibraltar Amateur op-B"]
[Site "Caleta"]
[Date "2018.01.29"]
[Round "3"]
[White "Dhanwani, Aditya"]
[Black "Yilmaz, Kazim"]
[Result "0-1"]
[WhiteElo "1484"]
[BlackElo "1656"]
[PlyCount "116"]
[EventDate "2018.01.27"]
[EventType "swiss"]
[EventRounds "5"]
[EventCountry "GGB"]
[SourceTitle "EXT 2019"]
[Source "ChessBase"]
[SourceDate "2018.10.10"]
[SourceVersion "1"]
[SourceVersionDate "2018.10.10"]
[SourceQuality "1"]

1. d4 d5 2. Nf3 Nf6 3. Bg5 Bf5 4. e3 e6 5. Bd3 Bxd3 6. Qxd3 c6 7. Nbd2 Nbd7 8. Ne5 Bd6 9. Ndf3 Qc7 10. Nxd7 Nxd7 11. c3 0-0 12. 0-0 e5 13. dxe5 Nxe5 14. Nxe5 Bxe5 15. f4 Bd6 16. Rad1 Be7 17. a3 Bxg5 18. fxg5 Qe7 19. Rf5 Rae8 20. Re1 Qe4 21. Qxe4 Rxe4 22. Rf4 Rfe8 23. Kf2 R8e5 24. h4 Kf8 25. b3 Ke7 26. g3 Ke6 27. Rxe4 Rxe4 28. Rf1 f5 29. gxf6 gxf6 30. Ke2 f5 31. Rf4 h5 32. Kf3 Ke5 33. c4 b6 34. a4 dxc4 35. bxc4 a6 36. Rxe4+ fxe4+ 37. Ke2 Kf5 38. Kf2 Kg4 39. Kg2 b5 40. axb5 axb5 41. cxb5 cxb5 42. Kf2 b4 43. Ke2 Kxg3 44. Kd2 Kxh4 45. Kc2 Kg3 46. Kd1 h4 47. Kc2 h3 48. Kb3 h2 49. Kxb4 h1Q 50. Kc3 Qd1 51. Kc4 Kf3 52. Kc5 Kxe3 53. Kc4 Qd4+ 54. Kb3 Qc5 55. Kb2 Kd2 56. Kb3 Qc3+ 57. Ka2 Qb4 58. Ka1 Kc2 0-1